00390 2200157 4500245004700000020002200047250001100069100002100080650001600101005001900117260004200136041001400178084000800192300002300200336000900223 aThe Knight's NightcMaureen TheodorahText a978-602-03-0193-8 aCet. 1 aMaureen Theodora aNovel Fiksi a20230110091727 aJakartabGramedia Pustaka Utamac2014 aIndonesia a813 a248 hlm. :c20 cm. atext